Novelas escogidas / (Record no. 148052)

MARC details
000 -LEADER
campo de control de longitud fija 00691nam a2200205 4500
001 - NÚMERO DE CONTROL
campo de control 148052
003 - IDENTIFICADOR DE NÚMERO DE CONTROL
campo de control ES-MaACL
007 - CAMPO FIJO DE DESCRIPCIÓN FÍSICA--INFORMACIÓN GENERAL
campo de control de longitud fija t|
008 - DATOS DE LONGITUD FIJA--INFORMACIÓN GENERAL
campo de control de longitud fija 070214s1962 sp r ||||1| spa d
100 1# - ENTRADA PRINCIPAL--NOMBRE DE PERSONA
Nombre de persona Spring, Howard.
9 (RLIN) 107805
245 10 - MENCIÓN DEL TÍTULO
Título Novelas escogidas /
Mención de responsabilidad, etc. Howard Spring ; traducción de Amando Lázaro Ros.
260 ## - PUBLICACIÓN, DISTRIBUCIÓN, ETC.
Lugar de publicación, distribución, etc. Madrid :
Nombre del editor, distribuidor, etc. Aguilar,
Fecha de publicación, distribución, etc. 1962.
300 ## - DESCRIPCIÓN FÍSICA
Extensión 1421 p., 1 lám. ;
Dimensiones 19 cm.
505 8# - NOTA DE CONTENIDO CON FORMATO
Nota de contenido con formato Contiene: Tomo I. Olar Audunssön. Tomo II. ¡ Hijo mío, hijo mío !. La fama es la espuela
700 1# - ENTRADA AGREGADA--NOMBRE PERSONAL
Nombre de persona Lázaro Ros, Amando.
9 (RLIN) 70807
740 0# - ENTRADA AGREGADA--TÍTULO RELACIONADO/ANALÍTICO NO CONTROLADO
Título relacionado o analítico no controlado Olar Audunssön.
740 0# - ENTRADA AGREGADA--TÍTULO RELACIONADO/ANALÍTICO NO CONTROLADO
Título relacionado o analítico no controlado ¡Hijo mío, hijo mío !
740 0# - ENTRADA AGREGADA--TÍTULO RELACIONADO/ANALÍTICO NO CONTROLADO
Título relacionado o analítico no controlado La fama es la espuela.
852 ## - LOCALIZACIÓN
Ubicación ES-MaACL
Número de control de estantería E-3701
Sublocalización o colección R.51578
Holdings
Estatus retirado Estado de pérdida Estado de daño No para préstamo Biblioteca de origen Biblioteca actual Ubicación en estantería Fecha de adquisición Fuente de adquisición Total de préstamos Signatura topográfica completa Código de barras Visto por última vez Precio de reemplazo Tipo de ítem Koha
        Biblioteca del Ateneo de Madrid Biblioteca del Ateneo de Madrid Depósito 2 17/01/2008     E-3701 1154507 23/02/2023 23/02/2023 Libro impreso